000 00918nam a2200229 i 4500
001 169157
003 ES-MaACL
005 20250812062539.0
008 080820s1957 sp f |||| | spa d
080 _a32(410.1)
100 1 _aPetrie, Charles.
_991541
245 1 3 _aEl futuro de las instituciones políticas inglesas /
_cCharles Petrie.
260 _aMadrid :
_bAteneo,
_c1957.
300 _a32 p. :
_b1 lám. ;
_c19 cm.
490 1 _aColección "O crece o muere" ;
_v108
500 _aEl original fue dado a conocer por su autor en el Ateneo de Madrid, el día 22 de mayo de 1956, en el ciclo de conferencias "Cuestiones políticas y sociales de la actualidad europea"
610 2 7 _aAteneo de Madrid-
_vConferencias-
_y1940-1982.
_91908
651 4 _aInglaterra-
_xPolítica y gobierno.
_98844
830 0 0 _aColección "O crece o muere"
_v108
_9183476
852 _aES-MaACL
_j2242-F-6
999 _c169157
_d169157